000 01187nam0a22003251 4500
001 v19\rc\1740593
005 20250619055723.0
035 _a(NLR Aleph) 004848115
090 _a4892616
_c4892616
100 _a20061204d1902 |||y0rusy50 ca
101 1 _arus
_cswe
102 _aRU
105 _ay z |||a|
200 1 _aПростая трагедия
_eНовелла Пера Гальстрема
_eПер. с швед.
210 _aЮрьев
_cВ. Адамов
_d1902
215 _a32 с.
_d18
225 1 _aСкандинавская библиотечка
_vВып. 1
300 _aНапеч. также в: Северные сборники, кн. 7. Спб., 1911, с. 47-72
327 0 _aС. 3-4: От издателя / В.А.
464 0 _12001#$aОт издателя$fВ.А.
_1215##$aС. 3-4
_1700#1$aАдамов$bВ.$9z01790
_tОт издателя
_aАдамов, В.
700 1 _aГальстрем
_bП.
_f1866-
_gПер
801 0 _aRU
_bNLR
_gpsbo
801 0 _aRU
_bRuMoRGB
_2psbo
801 1 _aRU
_bProSoft-M
_2rusmarc
852 _aNLR
_j34.83.4.348
899 _aRuMoRGB
_jG 73/162
899 _aБАН
899 _aНБ СПбГУ
942 _cBOOK
980 _aNB